| 000 | 00410nam a2200145Ia 4500 | ||
|---|---|---|---|
| 008 | 210430s9999 xx 000 0 und d | ||
| 020 | _a978-3-446-40773-2 | ||
| 082 | _a668.41 M6854 M | ||
| 100 |
_aW.Baker _954256 |
||
| 245 |
_aMixing and Compounding of Polymers: theory and practice, 2nd edition / _cW.Baker |
||
| 250 | _a2nd edition | ||
| 260 |
_aUSA _bHanser _c2009 |
||
| 300 | _a1158p | ||
| 942 |
_cBK _2ddc |
||
| 999 |
_c564746 _d564746 |
||